000
00292nam a22000977a 4500
999
_c
11073
_d
11073
008
180824b ||||| |||| 00| 0 eng d
020
_a
9788177002225
100
_a
Arora, S L
_9
6852
245
_a
New Simplified Physics
_b
A Reference Book For Class XII
260
_a
New Delhi
_b
Dhanpat Rai & Co
_c
2018